000 00487cam a2200181 i 4500
020 _a0491995215.
_a0471995207
040 _cDLC
082 0 0 _a510 WIL 1977 A029 Or.
100 1 _aBajpai, A. C.
245 1 0 _aAdvanced engineering mathematics /
260 _aLondon ;
_aNew York :
_bWiley,
_cc1977.
300 _ax, 578 p. :
_bill. ;
_c24 cm.
500 _aIncludes index.
650 0 _aEngineering mathematics.
700 1 _aMustoe, L. R.,
700 1 _aWalker, Dennis,
942 _cEK
999 _c11515
_d11515